| 000 | 00622nam a2200205 a 4500 | ||
|---|---|---|---|
| 001 | 1967 | ||
| 003 | CDMR | ||
| 005 | 20131209120751.0 | ||
| 008 | 130130s1975||||||||||||||||||||||||||||d | ||
| 020 | _a8470531566 | ||
| 040 |
_aCDMR _bcat _cCDMR |
||
| 100 | 1 |
_aFaye, Jean-Pierre _91471 |
|
| 245 | 1 | 3 |
_aLa crítica del lenguaje y su economía _cJean-Pierre Faye ; traducción: Benito Gömez |
| 260 |
_aMadrid _c1975 _bAlberto Corazón |
||
| 300 | _a148 p. | ||
| 490 | 0 |
_aComunicación (Alberto Corazón). _aLingüística |
|
| 650 | 0 | 4 |
_94377 _aLlenguatge i llengües |
| 650 | 0 | 4 |
_94353 _aComunicació _xFilosofia |
| 942 |
_cMON _2udc |
||
| 999 |
_c1967 _d1967 |
||